La transición española

Saved in:
Bibliografiske detaljer
Hovedforfatter: Yllán Calderón, Esperanza (Author)
Format: Bog
Sprog:spansk
Udgivet: Madrid, España Akal 1998
Serier:Colección Historia del Mundo para Jóvenes, 70
Fag:
Tags: Tilføj Tag
Ingen Tags, Vær først til at tagge denne postø!

MARC

LEADER 00000nam a2200000 a 4500
001 UCO1388
003 CL-VaPUC
005 20210604001445.0
008 000512e19980000SP |||||||||||||||||spa|d
999 |c 288012  |d 288010 
020 |a 9788446008330 
040 |c Pontificia Universidad Católica de Valparaíso 
082 0 4 |a 946 YLL 1998  |2 21 
100 0 |a Yllán Calderón, Esperanza  |e author  |9 443460 
245 1 3 |a La transición española 
260 |a Madrid, España  |b Akal  |c 1998 
300 |a 47 páginas 
490 0 |a Colección Historia del Mundo para Jóvenes,  |v  70 
583 |a last modification  |c 20160912 03:56:36  |k Rodrigo Vera 
650 0 |a Historia política  |z ESPAÑA  |9 256974 
650 7 |a HISTORIA DE ESPAÑA  |2 CL-VaPUC  |9 443461  |y SIGLO 20 
852 |a BIBCUR 
942 |c BK  |2 ddc 
945 |d 20000512 00:00:00  |a rbrito 
952 |0 0  |1 0  |2 ddc  |4 0  |6 946_000000000000000_YLL_1998  |7 0  |8 A  |9 335179  |a BIBHIS  |b BIBHIS  |d 2019-11-20  |i 3621871  |o 946 YLL 1998  |p 3621871  |r 2025-01-20  |t 1  |w 2019-11-20  |y BK  |k HIS